[Event "ASKO Klubbmesterskap 2010"]
[Site "Oslo"]
[Date "2010.04.06"]
[Round "5"]
[White "Briseid, Håkon"]
[Black "Tveit, Geir"]
[Result "1-0"]
[WhiteElo "1992"]
[BlackElo "1475"]
[PlyCount "93"]
[EventDate "2010.06.01"]

1. d4 d5 2. c4 Nf6 3. Nc3 e6 4. cxd5 exd5 5. Bg5 c6 6. Qc2 Nbd7 7. e3 Qa5 8.
Bd3 Bb4 9. Nf3 h6 10. Bh4 O-O 11. O-O Qc7 12. Rfc1 a6 13. a3 Be7 14. b4 Qd8 15.
Rab1 Re8 16. Bg3 Nh5 17. Nxd5 Nxg3 18. Nxe7+ Qxe7 19. hxg3 Nf6 20. Qc5 Be6 21.
Qxe7 Rxe7 22. a4 Bd5 23. Ne5 Nd7 24. Nxd7 Rxd7 25. b5 axb5 26. axb5 Ra3 27.
bxc6 Bxc6 28. Rxc6 Rxd3 29. Rcb6 Rd5 30. Rxb7 Rd2 31. R7b2 Rd3 32. Rc2 Ra5 33.
Kf1 Rd5 34. Ke2 Ra3 35. Rd1 f5 36. Kf3 Raa5 37. Rdc1 Ra3 38. Rc3 Ra7 39. Rc5
Rxc5 40. dxc5 Kf7 41. c6 Rc7 42. g4 Kf6 43. gxf5 Kxf5 44. e4+ Ke5 45. Ke3 g5
46. g3 g4 47. Rh1 1-0

[Event "ASKO Klubbmesterskap 2010"]
[Site "Oslo"]
[Date "2010.05.25"]
[Round "5"]
[White "Chikwati, Elvis"]
[Black "Liabøtrø, Ola"]
[Result "0-1"]
[WhiteElo "1361"]
[BlackElo "1500"]
[PlyCount "72"]
[EventDate "2010.06.01"]

1. Nf3 c5 2. c4 Nf6 3. b3 g6 4. Bb2 Bg7 5. d3 Nc6 6. Nbd2 O-O 7. g3 d6 8. Bg2
Bd7 9. O-O Qc8 10. d4 cxd4 11. Nxd4 Bh3 12. e3 Bxg2 13. Kxg2 Rd8 14. Qe2 d5 15.
Rac1 dxc4 16. Rxc4 Nxd4 17. Rxc8 Nxe2 18. Rxa8 Rxa8 19. Re1 Rc8 20. Rxe2 Rc2
21. Bxf6 Bxf6 22. Kf3 Rxa2 23. Ne4 Rxe2 24. Kxe2 Kf8 25. Nc5 b6 26. Na4 Ke8 27.
Kd3 Kd7 28. Kc4 Kc6 29. Kd3 b5 30. Nc3 Bxc3 31. Kxc3 a5 32. f4 Kd5 33. Kd3 f5
34. h3 a4 35. bxa4 bxa4 36. g4 a3 0-1

[Event "ASKO Klubbmesterskap 2010"]
[Site "Oslo"]
[Date "2010.04.06"]
[Round "5"]
[White "Erikstad, Olav"]
[Black "Skrondal, Inge Sandstad"]
[Result "0-1"]
[WhiteElo "1644"]
[BlackElo "2241"]
[PlyCount "50"]
[EventDate "2010.06.01"]

1. e4 c5 2. c4 Nc6 3. Nc3 g6 4. d3 Bg7 5. g3 d6 6. Bg2 Nf6 7. Nge2 O-O 8. O-O
a6 9. f4 Ne8 10. f5 Rb8 11. fxg6 hxg6 12. Bg5 b5 13. Qd2 Nf6 14. Nf4 Nh7 15.
Nfd5 Nxg5 16. Qxg5 bxc4 17. dxc4 Rxb2 18. h4 Qd7 19. Na4 Bd4+ 20. Kh1 Rxg2 21.
Nf4 Rc2 22. Rae1 Qg4 23. Qh6 Qxg3 24. Re2 Rxe2 25. Nxe2 Qh3# 0-1

[Event "ASKO Klubbmesterskap 2010"]
[Site "Oslo"]
[Date "2010.04.13"]
[Round "5"]
[White "Hole, Øystein"]
[Black "Einarsen, Kenneth"]
[Result "1-0"]
[WhiteElo "2369"]
[BlackElo "1876"]
[PlyCount "59"]
[EventDate "2010.06.01"]

1. Nf3 Nf6 2. c4 e6 3. Nc3 b6 4. g3 Bb7 5. Bg2 Be7 6. O-O O-O 7. Re1 d5 8. cxd5
exd5 9. d4 c5 10. Bf4 Nc6 11. dxc5 bxc5 12. Ne5 Nd4 13. Qd2 Qb6 14. e3 Ne6 15.
Nxd5 Nxd5 16. Bxd5 Bxd5 17. Qxd5 Rfd8 18. Qf3 g5 19. Nc6 gxf4 20. Nxe7+ Kf8 21.
Nf5 fxg3 22. hxg3 Qxb2 23. Rab1 Qf6 24. e4 Rab8 25. Kg2 Nd4 26. Qc3 Qe5 27.
Rxb8 Rxb8 28. f4 Qe6 29. Qxc5+ Kg8 30. Qxd4 1-0

[Event "ASKO Klubbmesterskap 2010"]
[Site "Oslo"]
[Date "2010.04.13"]
[Round "5"]
[White "Johansen, Pål H."]
[Black "Flügel, Stefan"]
[Result "1/2-1/2"]
[WhiteElo "1596"]
[BlackElo "1683"]
[PlyCount "46"]
[EventDate "2010.06.01"]

1. e4 Nc6 2. Nc3 e5 3. Nf3 Bc5 4. Bb5 d6 5. d3 Bg4 6. h3 Bh5 7. g4 Bg6 8. Bg5
f6 9. Be3 Nge7 10. Qd2 Bb4 11. a3 Bxc3 12. bxc3 d5 13. exd5 Qxd5 14. Bxc6+ Nxc6
15. Ke2 O-O-O 16. Nh4 Bf7 17. f3 Rhe8 18. Nf5 g6 19. Ng3 Nd4+ 20. cxd4 exd4 21.
c4 dxe3 22. Qc3 Qc6 23. Rhd1 Qd6 1/2-1/2

[Event "ASKO Klubbmesterskap 2010"]
[Site "Oslo"]
[Date "2010.04.13"]
[Round "5"]
[White "Søreng, Eirik"]
[Black "Hjelle, Øyvind"]
[Result "1/2-1/2"]
[WhiteElo "1605"]
[BlackElo "1416"]
[PlyCount "86"]
[EventDate "2010.06.01"]

1. Nf3 d5 2. g3 Nc6 3. d4 Nf6 4. Bg2 Bf5 5. Nh4 Bg6 6. Bg5 e6 7. a3 Be7 8. Nc3
Nd7 9. Bxe7 Qxe7 10. Nxg6 hxg6 11. Qd3 Qf6 12. O-O-O Qxf2 13. Bf3 Rxh2 14. Rhg1
Rh6 15. Rg2 Qxd4 16. Qxd4 Nxd4 17. Rxd4 c5 18. Rh4 a6 19. Rgh2 Rxh4 20. Rxh4
O-O-O 21. Rh7 Ne5 22. Nd1 b5 23. Nf2 Rd7 24. Nd3 Nxd3+ 25. exd3 f5 26. Rh8+ Rd8
27. Rxd8+ Kxd8 28. c4 bxc4 29. dxc4 d4 30. b4 Kc7 31. Kd2 Kb6 32. Kd3 e5 33.
Bd5 g5 34. Be6 e4+ 35. Kd2 f4 36. gxf4 gxf4 37. Bf5 e3+ 38. Ke2 a5 39. b5 g5
40. a4 Kc7 41. Bg4 Kb6 42. Bf5 Kc7 43. Kf3 Kb6 1/2-1/2

[Event "ASKO Klubbmesterskap 2010"]
[Site "Oslo"]
[Date "2010.04.20"]
[Round "5"]
[White "Valle, Stian"]
[Black "Paulshus, Anders"]
[Result "0-1"]
[WhiteElo "1237"]
[BlackElo "1228"]
[PlyCount "62"]
[EventDate "2010.06.01"]

1. e4 c5 2. Nf3 Nc6 3. d4 cxd4 4. Nxd4 g6 5. Bc4 Bg7 6. Be3 Nf6 7. Nc3 O-O 8.
f3 d6 9. Qd2 Bd7 10. O-O-O a6 11. Nd5 Na5 12. Nxf6+ Bxf6 13. Bd3 Qb6 14. c3
Rfc8 15. Qf2 Ba4 16. Nc2 Qc6 17. Nb4 Qd7 18. Nd5 Qe6 19. Nxf6+ exf6 20. Bc2
Qxa2 21. Bxa4 Qa1+ 22. Kc2 Qxa4+ 23. Kb1 Nc4 24. Bc1 Qb3 25. Rde1 Na3+ 26. Ka1
Nc2+ 27. Kb1 Na3+ 28. Ka1 Nc2+ 29. Kb1 Rxc3 30. Rd1 Nb4 31. Ka1 Qa2# 0-1

[Event "ASKO Klubbmesterskap 2010"]
[Site "Oslo"]
[Date "2010.04.26"]
[Round "6"]
[White "Flügel, Stefan"]
[Black "Ali, Karim"]
[Result "1-0"]
[WhiteElo "1683"]
[BlackElo "1636"]
[PlyCount "39"]
[EventDate "2010.06.01"]

1. Nc3 Nf6 2. e4 e5 3. Bc4 Bc5 4. d3 h6 5. Na4 Be7 6. f4 d6 7. Nf3 exf4 8. Bxf4
Nh5 9. Be3 Bg4 10. O-O Nf6 11. Qd2 Qd7 12. Nc5 dxc5 13. Bxf7+ Kd8 14. Ne5 Qd6
15. Ng6 Rf8 16. e5 Qc6 17. exf6 Rxf7 18. fxe7+ Rxe7 19. Nxe7 Kxe7 20. Qc3 1-0

[Event "ASKO Klubbmesterskap 2010"]
[Site "Oslo"]
[Date "2010.04.20"]
[Round "6"]
[White "Knudsen, Henning A."]
[Black "Søreng, Eirik"]
[Result "0-1"]
[WhiteElo "1233"]
[BlackElo "1605"]
[PlyCount "74"]
[EventDate "2010.06.01"]

1. e4 e5 2. Nf3 Nc6 3. d4 exd4 4. Nxd4 Bc5 5. c3 Qf6 6. Be3 Nge7 7. Bc4 Ne5 8.
Be2 Qg6 9. O-O O-O 10. Nd2 d6 11. Kh1 Ng4 12. Bxg4 Bxg4 13. f3 Bd7 14. a4 a6
15. b4 Ba7 16. a5 Rfd8 17. Qe2 d5 18. c4 Qf6 19. Qf2 dxc4 20. Nxc4 Bxd4 21.
Bxd4 Qe6 22. Rfc1 Ng6 23. Qg3 Bb5 24. Bc5 Bxc4 25. Qxc7 Rd7 26. Qg3 Rad8 27. h3
h5 28. Bb6 Re8 29. Rd1 Be2 30. Rxd7 Qxd7 31. Rc1 Rc8 32. Re1 h4 33. Qg5 Bxf3
34. gxf3 Qxh3+ 35. Kg1 Rc2 36. Bf2 Qxf3 37. Bxh4 Nf4 0-1

[Event "ASKO Klubbmesterskap 2010"]
[Site "Oslo"]
[Date "2010.04.20"]
[Round "6"]
[White "Liabøtrø, Ola"]
[Black "Hjelle, Øyvind"]
[Result "1-0"]
[WhiteElo "1500"]
[BlackElo "1416"]
[PlyCount "73"]
[EventDate "2010.06.01"]

1. e4 c5 2. Nf3 e6 3. d4 cxd4 4. Nxd4 a6 5. Bd3 Qc7 6. O-O Nf6 7. Qe2 Nc6 8.
Nxc6 bxc6 9. Rd1 Be7 10. e5 Nd5 11. a3 d6 12. c4 Nb6 13. Bf4 d5 14. b3 Bb7 15.
Nc3 c5 16. Qg4 g6 17. Rac1 h5 18. Qe2 g5 19. Bd2 Qc6 20. f3 Qd7 21. Be1 Rh6 22.
a4 f5 23. exf6 Bxf6 24. a5 d4 25. axb6 g4 26. f4 O-O-O 27. Ne4 Be7 28. b4 Qc6
29. bxc5 Rf8 30. Bd2 Rhh8 31. Nd6+ Bxd6 32. cxd6 h4 33. Re1 h3 34. Be4 Qxb6 35.
Bxb7+ Qxb7 36. Qxe6+ Kd8 37. Ba5+ 1-0

[Event "ASKO Klubbmesterskap 2010"]
[Site "Oslo"]
[Date "2010.04.20"]
[Round "6"]
[White "Skrondal, Inge Sandstad"]
[Black "Einarsen, Kenneth"]
[Result "0-1"]
[WhiteElo "2241"]
[BlackElo "1876"]
[PlyCount "96"]
[EventDate "2010.06.01"]

1. e4 d6 2. Nc3 g6 3. f4 Bg7 4. Nf3 Nf6 5. Bc4 c6 6. Bb3 b5 7. e5 Ng4 8. d4 b4
9. Ne4 d5 10. Nc5 Nd7 11. Nd3 Nb6 12. a3 bxa3 13. Rxa3 O-O 14. O-O f6 15. Nc5
Bf5 16. h3 Nh6 17. g4 Bc8 18. e6 Qd6 19. Re1 g5 20. c3 f5 21. Ne5 fxg4 22. fxg5
Nf5 23. Qxg4 Bxe6 24. Nxe6 Qxe6 25. Bd2 Qd6 26. Bf4 Nd7 27. Bc2 Nxe5 28. Bxe5
Bxe5 29. Rxe5 e6 30. b4 a5 31. Rxa5 Rxa5 32. bxa5 Qa3 33. Bxf5 exf5 34. Qf3
Qxa5 35. Kg2 Qa2+ 36. Kg3 Qd2 37. Kh4 h6 38. Re3 hxg5+ 39. Kh5 Kg7 40. Qg3 Qd1+
41. Kxg5 f4 42. Re7+ Kg8 43. Qg2 Kh8 44. Kh6 Rf6+ 45. Kg5 Rf8 46. Qf2 Kg8 47.
h4 Kh8 48. Kh6 Qg4 0-1

[Event "ASKO Klubbmesterskap 2010"]
[Site "Oslo"]
[Date "2010.04.20"]
[Round "6"]
[White "Tveit, Geir"]
[Black "Johansen, Pål H."]
[Result "1/2-1/2"]
[WhiteElo "1475"]
[BlackElo "1596"]
[PlyCount "58"]
[EventDate "2010.06.01"]

1. d4 Nf6 2. Bf4 g6 3. e3 Bg7 4. Nf3 O-O 5. h3 d5 6. Be2 c5 7. c3 Nc6 8. Nbd2
cxd4 9. exd4 a6 10. O-O b5 11. Ne5 Nxe5 12. Bxe5 Bb7 13. Re1 Re8 14. a4 Bc6 15.
axb5 Bxb5 16. Bxb5 axb5 17. Qb3 Qd7 18. Qb4 e6 19. Ra5 Rxa5 20. Qxa5 Qc6 21.
Ra1 Nd7 22. Bxg7 Kxg7 23. Nf3 Rb8 24. Qa6 Rb6 25. Qa3 Qb7 26. Qe7 Ne5 27. Qxb7
Nxf3+ 28. gxf3 Rxb7 29. b4 Kf6 1/2-1/2

[Event "ASKO Klubbmesterskap 2010"]
[Site "Oslo"]
[Date "2010.05.04"]
[Round "7"]
[White "Briseid, Håkon"]
[Black "Hole, Øystein"]
[Result "0-1"]
[WhiteElo "1992"]
[BlackElo "2369"]
[PlyCount "62"]
[EventDate "2010.06.01"]

1. d4 d5 2. c4 c6 3. cxd5 cxd5 4. Nc3 Nf6 5. f3 Qa5 6. Bd2 Nc6 7. e3 e6 8. Bd3
Be7 9. Nge2 O-O 10. O-O e5 11. e4 dxe4 12. fxe4 exd4 13. Nd5 Qc5 14. Rc1 Qd6
15. Bf4 Ne5 16. Nc7 Bg4 17. Nb5 Qe6 18. Nc7 Qd6 19. Nxa8 Rxa8 20. Qd2 Nh5 21.
h3 Nxf4 22. Nxf4 Bg5 23. Bc4 Nf3+ 24. Rxf3 Bxf3 25. g3 Bxe4 26. Rf1 Rc8 27. Bb3
Bf6 28. Nh5 Kh8 29. a3 Qe5 30. Bd1 Bg5 31. Nf4 Bc6 0-1

[Event "ASKO Klubbmesterskap 2010"]
[Site "Oslo"]
[Date "2010.05.03"]
[Round "7"]
[White "Chikwati, Elvis"]
[Black "Valle, Stian"]
[Result "1-0"]
[WhiteElo "1361"]
[BlackElo "1237"]
[PlyCount "55"]
[EventDate "2010.06.01"]

1. Nf3 Nf6 2. c4 g6 3. b3 Bg7 4. Bb2 O-O 5. g3 c5 6. Bg2 Nc6 7. O-O Qc7 8. d4
cxd4 9. Nxd4 d6 10. Nc3 Bg4 11. h3 Bd7 12. a3 Qc8 13. Kh2 Ng4+ 14. hxg4 Nxd4
15. Nd5 Nc6 16. Bxg7 Kxg7 17. g5 Re8 18. f4 Rh8 19. Qd2 h6 20. Kg1 hxg5 21.
fxg5 e5 22. Rf6 Bh3 23. Raf1 Nd8 24. Ne7 Qg4 25. Qd5 Rf8 26. Nxg6 Re8 27. Rxf7+
Kxg6 28. Be4+ 1-0

[Event "ASKO Klubbmesterskap 2010"]
[Site "Oslo"]
[Date "2010.05.31"]
[Round "7"]
[White "Einarsen, Kenneth"]
[Black "Flügel, Stefan"]
[Result "1-0"]
[WhiteElo "1876"]
[BlackElo "1683"]
[PlyCount "77"]
[EventDate "2010.06.01"]

1. e4 Nc6 2. Nf3 Nf6 3. e5 Ng4 4. d4 d6 5. exd6 Qxd6 6. h3 Nf6 7. Nc3 a6 8. Be3
Bf5 9. a3 g6 10. g4 Be6 11. Qd2 Bd5 12. Be2 Bg7 13. Rg1 Na5 14. Ne5 Nc6 15. Bf4
Qd8 16. Qd3 Rc8 17. g5 Ng8 18. Nxd5 Qxd5 19. Nxc6 Qxc6 20. O-O-O e6 21. Bf3 Qb6
22. Qe4 Ne7 23. Qxb7 Bxd4 24. Qxb6 Bxb6 25. Be5 O-O 26. Bf6 Rfe8 27. Rd7 Bxf2
28. Rf1 Be3+ 29. Kb1 Bc5 30. Bb7 Rb8 31. Rxc7 Bd6 32. Rd7 Nf5 33. b4 Bf8 34. c4
a5 35. bxa5 Rec8 36. a6 Bc5 37. Be5 Ra8 38. Bxc8 Rxc8 39. Rfd1 1-0

[Event "ASKO Klubbmesterskap 2010"]
[Site "Oslo"]
[Date "2010.05.25"]
[Round "7"]
[White "Hjelle, Øyvind"]
[Black "Knudsen, Henning A."]
[Result "1/2-1/2"]
[WhiteElo "1416"]
[BlackElo "1233"]
[PlyCount "113"]
[EventDate "2010.06.01"]

1. e4 e5 2. Nf3 Nc6 3. Bb5 a6 4. Ba4 d6 5. c3 Bd7 6. O-O Nge7 7. d4 Ng6 8. d5
Nce7 9. Bc2 f5 10. Ng5 Rb8 11. exf5 Nxf5 12. f4 Nxf4 13. Bxf4 exf4 14. Re1+ Be7
15. Qf3 O-O 16. Ne6 Bxe6 17. dxe6 Nh4 18. Qd3 g6 19. Nd2 c6 20. Rad1 Qb6+ 21.
Kh1 Qb5 22. Qh3 d5 23. Rf1 Rbd8 24. Qg4 Qxb2 25. Rc1 Qa3 26. g3 fxg3 27. hxg3
Rxf1+ 28. Rxf1 Qxc3 29. gxh4 Qxc2 30. Nf3 Rf8 31. h5 Qe4 32. Qg3 Bh4 33. Qg2 g5
34. e7 Qxe7 35. Rg1 Rxf3 36. Qxf3 Qe4 37. Qxe4 dxe4 38. Rg4 e3 39. Re4 Bf2 40.
Kg2 Kf7 41. Kf3 b5 42. Rd4 Ke6 43. Re4+ Kf5 44. Re7 g4+ 45. Kg2 h6 46. Rc7 g3
47. Kf3 Kg5 48. Rxc6 Kxh5 49. Rxa6 b4 50. Ra5+ Kh4 51. Rb5 Be1 52. Rb6 h5 53.
Re6 Bd2 54. Rg6 Be1 55. Kxe3 Kh3 56. Kf3 h4 57. Rg4 1/2-1/2

[Event "ASKO Klubbmesterskap 2010"]
[Site "Oslo"]
[Date "2010.05.04"]
[Round "7"]
[White "Johansen, Pål H."]
[Black "Øhman, Kjell Tage"]
[Result "0-1"]
[WhiteElo "1596"]
[BlackElo "1659"]
[PlyCount "62"]
[EventDate "2010.06.01"]

1. e4 c6 2. d4 d5 3. Nc3 dxe4 4. Nxe4 Nf6 5. Ng3 e6 6. Nf3 Nbd7 7. Bc4 Bd6 8.
O-O O-O 9. Re1 Qc7 10. Ne4 Bf4 11. Neg5 Nb6 12. Bd3 h6 13. Ne4 Nbd7 14. Ne5
Bxc1 15. Nxd7 Nxe4 16. Rxe4 Bxd7 17. Rxc1 c5 18. Qh5 f5 19. Rh4 cxd4 20. Rxd4
e5 21. Bc4+ Kh8 22. Rh4 Rf6 23. Rd1 Bc6 24. Bb3 b5 25. Qe2 Qb7 26. Qxe5 Bxg2
27. Bd5 Bxd5 28. Rxd5 Qc6 29. c3 Re8 30. Qd4 Re1+ 31. Kg2 Rd6 0-1

[Event "ASKO Klubbmesterskap 2010"]
[Site "Oslo"]
[Date "2010.05.04"]
[Round "7"]
[White "Søreng, Eirik"]
[Black "Paulshus, Anders"]
[Result "1-0"]
[WhiteElo "1605"]
[BlackElo "1228"]
[PlyCount "63"]
[EventDate "2010.06.01"]

1. d4 d5 2. Nf3 Nc6 3. c4 e5 4. dxe5 d4 5. a3 Bf5 6. Bf4 Qd7 7. Nbd2 Nge7 8.
Qb3 Ng6 9. g3 Bc5 10. Bg2 Bb6 11. Qa2 a5 12. O-O Nxf4 13. gxf4 Bh3 14. e6 Bxe6
15. Ng5 Bg4 16. Bd5 Bh5 17. Kh1 f6 18. Ne6 Bg4 19. c5 Ba7 20. f3 Bxe6 21. Bxe6
Qe7 22. Ne4 Bxc5 23. Rac1 Bd6 24. Qd5 Bxf4 25. Rxc6 Rd8 26. Qc4 bxc6 27. Qxc6+
Kf8 28. Bc4 Rb8 29. Nc5 Rb6 30. Nd7+ Ke8 31. Nxf6+ Kf8 32. Qa8+ 1-0

[Event "ASKO Klubbmesterskap 2010"]
[Site "Oslo"]
[Date "2010.05.18"]
[Round "8"]
[White "Erikstad, Olav"]
[Black "Einarsen, Kenneth"]
[Result "0-1"]
[WhiteElo "1621"]
[BlackElo "1876"]
[PlyCount "52"]
[EventDate "2010.06.01"]

1. e4 d6 2. c3 Nf6 3. Nf3 g6 4. Qc2 Bg7 5. d4 c6 6. Na3 b5 7. Bd3 O-O 8. Bg5
Nbd7 9. Qd2 e5 10. d5 cxd5 11. Bxb5 dxe4 12. Qxd6 exf3 13. Rd1 fxg2 14. Rg1 Qb6
15. Bxf6 Qxd6 16. Rxd6 Nxf6 17. Bc6 Rb8 18. Nc4 Be6 19. Nxe5 Rxb2 20. Rxg2 Ne8
21. Rd8 Bxe5 22. Rxe8 Rxe8 23. Bxe8 Bxc3+ 24. Kd1 Rxa2 25. Kc1 Bb3 26. Kb1 Ra1#
0-1

[Event "ASKO Klubbmesterskap 2010"]
[Site "Oslo"]
[Date "2010.05.18"]
[Round "8"]
[White "Hole, Øystein"]
[Black "Øhman, Kjell Tage"]
[Result "1-0"]
[WhiteElo "2369"]
[BlackElo "1659"]
[PlyCount "43"]
[EventDate "2010.06.01"]

1. Nf3 d5 2. d4 Nf6 3. c4 e6 4. Nc3 Be7 5. Bg5 h6 6. Bh4 O-O 7. e3 Nbd7 8. Rc1
c5 9. cxd5 Nxd5 10. Bxe7 Qxe7 11. Nxd5 exd5 12. dxc5 Nxc5 13. Qxd5 Ne4 14. a3
Re8 15. Bd3 Nxf2 16. Kxf2 Qxe3+ 17. Kg3 Qb6 18. Rhe1 Be6 19. Qd4 Qb3 20. Bc2
Qb5 21. Re5 Qa6 22. Bd3 1-0

[Event "ASKO Klubbmesterskap 2010"]
[Site "Oslo"]
[Date "2010.05.18"]
[Round "8"]
[White "Knudsen, Henning A."]
[Black "Johansen, Pål H."]
[Result "0-1"]
[WhiteElo "1233"]
[BlackElo "1596"]
[PlyCount "68"]
[EventDate "2010.06.01"]

1. e4 c5 2. Nf3 Nc6 3. d4 cxd4 4. Nxd4 Nf6 5. Nc3 e5 6. Nb3 Be7 7. Bg5 Nxe4 8.
Bxe7 Nxc3 9. Bxd8 Nxd1 10. Rxd1 Kxd8 11. Bc4 f6 12. O-O b6 13. Rd2 Ke7 14. a3
Rd8 15. Re1 d6 16. Bd5 Bb7 17. Re3 Rac8 18. f4 Rd7 19. f5 Nd8 20. Bg8 h6 21.
Rg3 Kf8 22. Bh7 Nf7 23. c3 Ng5 24. Rxg5 hxg5 25. Nc1 d5 26. Ne2 Ba6 27. Ng3 Ke7
28. Nh5 Kd6 29. Bg6 Re7 30. Ng3 Rc4 31. Bh5 Rf4 32. Bd1 Bc4 33. b3 Ba6 34. c4
Rd4 0-1

[Event "ASKO Klubbmesterskap 2010"]
[Site "Oslo"]
[Date "2010.05.18"]
[Round "8"]
[White "Liabøtrø, Ola"]
[Black "Søreng, Eirik"]
[Result "0-1"]
[WhiteElo "1500"]
[BlackElo "1605"]
[PlyCount "30"]
[EventDate "2010.06.01"]

1. e4 e5 2. Nf3 Nc6 3. d4 exd4 4. Nxd4 Bc5 5. Nxc6 Qf6 6. Qd2 dxc6 7. Bd3 Be6
8. O-O O-O-O 9. Qe2 Ne7 10. Nc3 Ng6 11. Be3 Nf4 12. Qd2 Bd6 13. Rad1 Nxg2 14.
Kxg2 Bh3+ 15. Kh1 Qf3+ 0-1

[Event "ASKO Klubbmesterskap 2010"]
[Site "Oslo"]
[Date "2010.05.18"]
[Round "8"]
[White "Paulshus, Anders"]
[Black "Tveit, Geir"]
[Result "1-0"]
[WhiteElo "1228"]
[BlackElo "1475"]
[PlyCount "109"]
[EventDate "2010.06.01"]

1. d4 d5 2. Nf3 Nf6 3. g3 e6 4. b3 c5 5. c4 dxc4 6. bxc4 b6 7. Bg2 Bb7 8. O-O
Nbd7 9. Qa4 Be7 10. Bg5 O-O 11. e3 h6 12. Bf4 g5 13. Be5 Nxe5 14. Nxe5 Bxg2 15.
Kxg2 cxd4 16. Nc6 Qc7 17. Nxe7+ Qxe7 18. exd4 Rfd8 19. Rd1 Qb7+ 20. Kg1 Qf3 21.
Qb3 Qc6 22. Na3 Rd7 23. Rd3 Rad8 24. Qb2 Ne4 25. Rad1 Nc5 26. R3d2 Ne4 27. Rd3
Nc5 28. R3d2 Nb7 29. Rd3 Na5 30. Qc3 Rc8 31. c5 Nb7 32. Nc4 Rd5 33. Ne3 Rd7 34.
Ng4 Rdc7 35. Nxh6+ Kf8 36. d5 Qxc5 37. Qh8+ Ke7 38. Ng8+ Rxg8 39. Qxg8 Qd6 40.
Qxg5+ Kf8 41. dxe6 Qxe6 42. Rd8+ Nxd8 43. Rxd8+ Qe8 44. Rxe8+ Kxe8 45. Qg8+ Ke7
46. Qb8 Rd7 47. h4 Kf6 48. Kg2 Re7 49. Qd8 Ke6 50. h5 Rd7 51. Qb8 Kf5 52. Qc8
Ke6 53. h6 Ke7 54. h7 Rd8 55. Qxd8+ 1-0

[Event "ASKO Klubbmesterskap 2010"]
[Site "Oslo"]
[Date "2010.05.25"]
[Round "8"]
[White "Skrondal, Inge Sandstad"]
[Black "Flügel, Stefal"]
[Result "1-0"]
[WhiteElo "2241"]
[BlackElo "1683"]
[PlyCount "49"]
[EventDate "2010.06.01"]

1. Nf3 Nc6 2. d4 d5 3. Bg5 h6 4. Bh4 g5 5. Bg3 Bg7 6. e3 Bg4 7. c4 e5 8. Qb3
Bxf3 9. gxf3 Nge7 10. dxe5 Nxe5 11. Nd2 dxc4 12. Bxc4 N7c6 13. Be2 Qf6 14. O-O
O-O-O 15. Ne4 Qe7 16. Rac1 Qb4 17. Qc2 f5 18. a3 Qf8 19. Nc5 Rd6 20. Qb3 Nd8
21. Qa4 Ndc6 22. Bxe5 Bxe5 23. Nxb7 Nd8 24. Nxd6+ Qxd6 25. Rfd1 1-0

[Event "ASKO Klubbmesterskap 2010"]
[Site "Oslo"]
[Date "2010.05.18"]
[Round "8"]
[White "Valle, Stian"]
[Black "Hjelle, Øyvind"]
[Result "0-1"]
[WhiteElo "1237"]
[BlackElo "1416"]
[PlyCount "110"]
[EventDate "2010.06.01"]

1. e4 c5 2. Nf3 e6 3. d4 cxd4 4. Nxd4 a6 5. Bd3 Qc7 6. O-O Nf6 7. Qe2 Nc6 8.
Nxc6 dxc6 9. c4 e5 10. Be3 Bg4 11. f3 Bh5 12. Qf2 Bd6 13. Bb6 Qe7 14. Nc3 Nd7
15. Kh1 Nxb6 16. Qxb6 Bc5 17. Qa5 Rd8 18. Rfd1 O-O 19. a3 b6 20. Qa4 Qf6 21.
Be2 Bd4 22. Rd3 g5 23. Rf1 Kh8 24. Na2 Rg8 25. Nb4 Rd6 26. Nc2 Bxb2 27. Qxa6
Rxd3 28. Bxd3 Qd6 29. Rd1 Qc5 30. Rb1 Rd8 31. Rxb2 Rxd3 32. Rb1 Qf2 33. Nb4
Rxf3 34. c5 b5 35. Rg1 Re3 36. Qc8+ Kg7 37. Qf5 Qxf5 38. exf5 Rxa3 39. g4 Ra4
40. Nxc6 Bxg4 41. Nxe5 Bxf5 42. Rxg5+ Kf6 43. Nf3 Rc4 44. Rg8 Rxc5 45. Nd4 Be4+
46. Kg1 Bd3 47. Rb8 Rg5+ 48. Kf2 Rh5 49. Kg3 Rd5 50. Rb6+ Kg7 51. Nb3 Bc4 52.
Na5 Rd3+ 53. Kf2 Rd2+ 54. Kg3 Bf1 55. Rb7 Rg2+ 0-1

[Event "ASKO Klubbmesterskap 2010"]
[Site "Oslo"]
[Date "2010.06.01"]
[Round "9"]
[White "Einarsen, Kenneth"]
[Black "Paulshus, Anders"]
[Result "1-0"]
[WhiteElo "1876"]
[BlackElo "1228"]
[PlyCount "104"]
[EventDate "2010.06.01"]

1. Nf3 c5 2. e4 Nc6 3. d4 cxd4 4. Nxd4 g6 5. Nc3 Bg7 6. Be3 d6 7. Qd2 Nf6 8. f3
Bd7 9. Bc4 Qa5 10. O-O Qh5 11. Rad1 Ne5 12. Be2 Nc6 13. b4 a6 14. Rb1 b5 15.
Nxc6 Bxc6 16. Rf2 Qe5 17. Bd4 Qe6 18. Rff1 O-O 19. Ra1 Qd7 20. Nd5 Nh5 21. Rfd1
Rfc8 22. Nb6 Bxd4+ 23. Qxd4 Nf4 24. Bf1 Ne6 25. Qf2 Qc7 26. Nxc8 Rxc8 27. c4
bxc4 28. Bxc4 Ba4 29. Bxa6 Ra8 30. Rdc1 Qd7 31. Bc4 Nf4 32. Rab1 Rc8 33. Qb2
Qa7+ 34. Kh1 Rb8 35. b5 Qb6 36. Qb4 Ra8 37. Bf1 Qf2 38. b6 Bd7 39. b7 Rb8 40.
Qb2 Qe3 41. Qc3 Qf2 42. Qc8+ Rxc8 43. Rxc8+ Kg7 44. b8=Q Bh3 45. Qb2+ Qxb2 46.
Rxb2 Bxc8 47. a4 Ne6 48. a5 Nc5 49. Rb6 Na4 50. Rb8 Be6 51. a6 Bd7 52. a7 Bc6
1-0

[Event "ASKO Klubbmesterskap 2010"]
[Site "Oslo"]
[Date "2010.06.01"]
[Round "9"]
[White "Flügel, Stefan"]
[Black "Liabøtrø, Ola"]
[Result "1-0"]
[WhiteElo "1683"]
[BlackElo "1500"]
[PlyCount "33"]
[EventDate "2010.06.01"]

1. e4 d5 2. Nc3 dxe4 3. d3 Nf6 4. Bg5 Bg4 5. Qd2 exd3 6. Bxd3 Nbd7 7. f3 Bh5 8.
O-O-O c6 9. Nge2 Ne5 10. Qe3 Nxd3+ 11. Rxd3 Qb6 12. Qe5 Bg6 13. Be3 Qa6 14. Rd4
b6 15. Rhd1 Qb7 16. Nb5 Nd5 17. Nd6+ 1-0

[Event "ASKO Klubbmesterskap 2010"]
[Site "Oslo"]
[Date "2010.06.01"]
[Round "9"]
[White "Johansen, Pål H."]
[Black "Skrondal, Inge Sandstad"]
[Result "0-1"]
[WhiteElo "1596"]
[BlackElo "2241"]
[PlyCount "70"]
[EventDate "2010.06.01"]

1. e4 c5 2. Nf3 g6 3. Bc4 Bg7 4. O-O Nc6 5. c3 d6 6. d3 Nf6 7. Bg5 O-O 8. Nbd2
Na5 9. Re1 a6 10. a3 h6 11. Bh4 g5 12. Bg3 Nh5 13. Ba2 Nxg3 14. hxg3 b5 15. e5
d5 16. d4 c4 17. Bb1 f5 18. exf6 exf6 {med remistilbud} 19. Qc2 f5 20. g4 Ra7
21. Nf1 Nb3 22. Ra2 Bh8 23. Ne3 fxg4 24. Nh2 g3 25. fxg3 Qb6 26. Nxd5 Qd6 27.
Qe4 Bf5 28. Ne7+ Rxe7 29. Qxe7 Qxe7 30. Rxe7 Bxb1 31. Ra1 Nxa1 32. Re1 Nb3 33.
Rxb1 Nxd4 34. cxd4 Bxd4+ 35. Kh1 Rf2 0-1

[Event "ASKO Klubbmesterskap 2010"]
[Site "Oslo"]
[Date "2010.06.01"]
[Round "9"]
[White "Søreng, Eirik"]
[Black "Erikstad, Olav"]
[Result "1-0"]
[WhiteElo "1605"]
[BlackElo "1650"]
[PlyCount "65"]
[EventDate "2010.06.01"]

1. d4 Nf6 2. e3 d5 3. f4 Bf5 4. Nf3 e6 5. Bd3 Bg6 6. O-O c5 7. c3 c4 8. Bc2 Nc6
9. Nbd2 b5 10. Ne5 Rc8 11. Nxg6 hxg6 12. Qf3 Ne7 13. e4 Nh5 14. a4 b4 15. g4 b3
16. Bb1 Nf6 17. e5 Nd7 18. Qf2 Nc6 19. Nf3 Be7 20. f5 gxf5 21. gxf5 O-O 22. f6
Nxf6 23. exf6 Bxf6 24. Qg3 Qb6 25. a5 Nxa5 26. Rxa5 Qxa5 27. Bg5 Qd8 28. Qh4
Re8 29. Ne5 Rc7 30. Rxf6 gxf6 31. Qh7+ Kf8 32. Ng6+ fxg6 33. Bh6+ 1-0

[Event "ASKO Klubbmesterskap 2010"]
[Site "Oslo"]
[Date "2010.06.01"]
[Round "9"]
[White "Valle, Stian"]
[Black "Knudsen, Henning A."]
[Result "0-1"]
[WhiteElo "1237"]
[BlackElo "1233"]
[PlyCount "76"]
[EventDate "2010.06.01"]

1. e4 e5 2. Nf3 Nc6 3. Bc4 Nf6 4. Ng5 d5 5. exd5 Na5 6. Bb5+ c6 7. dxc6 Nxc6 8.
Qf3 Bd7 9. Bc4 Be6 10. Nxe6 fxe6 11. Nc3 Nd4 12. Qd1 Nd5 13. O-O Nf5 14. Re1
Bc5 15. Bxd5 exd5 16. Rxe5+ Ne7 17. Nxd5 O-O 18. Nxe7+ Bxe7 19. d3 Bd6 20. Re2
Qh4 21. g3 Qg4 22. Qe1 h5 23. Re4 Qg6 24. Qe2 Rae8 25. Bd2 Bc5 26. Rxe8 Rxe8
27. Be3 h4 28. Qf3 Bd6 29. Kg2 hxg3 30. hxg3 b6 31. Rh1 Bc7 32. Qh5 Qc6+ 33.
Kf1 Re5 34. Qh7+ Kf8 35. c3 Qf3 36. Bd4 Qe2+ 37. Kg2 Rg5 38. Qe4 Rxg3+ 0-1